000 00600nam a2200241Ia 4500
003 OSt
005 20220918202500.0
006 a|||||r|||| 00| 0
007 ta
008 220917b |||||||| |||| 00| 0 eng d
024 _a101,565
037 _cTextual
040 _aARTS
_cARTS
_beng
041 _2eng
_aeng
082 _aV2,3.N9, N2
100 _aVohra G
_9103984
245 0 _aNew political elite MLAs Vs MPs
260 _aDelhi
_bDaya Pub
_c1992
300 _a184p.
_ccm.
650 _aHISTORY
942 _hV2,3.N9, N2
_cTEXL
_2CC
999 _c225046
_d225046